000 00838nam a22002297a 4500
001 670
005 20250805091946.0
020 _a9780021790906
040 _aFISKH
_beng
_cFISKH
_dFISKH
050 _aPZ8.3
082 _a372.4
100 _aAncona, George [ Photographer ]
245 _aDown by the bay /
_cphotographs by George Ancona ; illustrations by Lori Lohstoeter.
260 _aNew York :
_bMacmillan/McGraw-Hill ;
_c1993.
300 _a32 pages ;
_bphotos color illustrations ;
_c19 x​ 26 cm.
505 _aD
520 _aIn this song, two children imagine their mothers asking, "Did you ever see a goose kissing a moose, a fly wearing a tie, or llamas eating their pajamas down by the bay?"
521 _a160
_bLexile estimate
521 _aD
_bRaz-PLus
650 _aChildren's songs.
942 _2ddc
_cBK
_n0
999 _c670
_d670